Srdce na uzdě : veselohra o třech dějstvích /

Hlavní autor: Werner, Vilém, 1892-1966
Jazyk: Čeština
Vydáno: Praha : A. Neubert, 1935
Vydání: 3., opr. vyd.
Edice: Nová scéna (A. Neubert)
Fyzický popis: 77 - [I] s.
Knihy
Uloženo v:
LEADER 00718nam a22002292a 4500
001 000323995
003 CZ BrMZK
005 20210712114147.0
007 ta
008 980105s1935 xr f 000 0 cze d
015 |a cnb000709404 
040 |a BOA001  |b cze 
100 1 |a Werner, Vilém,  |d 1892-1966  |7 jk01151613  |4 aut 
245 1 0 |a Srdce na uzdě :  |b veselohra o třech dějstvích /  |c Vilém Werner 
250 |a 3., opr. vyd. 
260 |a Praha :  |b A. Neubert,  |c 1935 
300 |a 77 - [I] s. 
490 1 |a Nová scéna ;  |v sv. 13 
830 0 |a Nová scéna (A. Neubert)  |0 s 
910 |a BOA001  |b 1-0146.457,13 
990 |a BK 
996 7 |b 2619841041  |c 1-0146.457,13  |l MZK  |r Sklad / do 1 hodiny  |n 2  |w 000323995  |u 000010  |a 1  |e BOA001  |j MZK50  |s A